书目信息 |
| 题名: |
教海拾贝
|
|
| 作者: | 丁家桐 著 | |
| 分册: | ||
| 出版信息: | 上海 上海教育出版社 1980 |
|
| 页数: | 98页 | |
| 开本: | 19cm | |
| 丛书名: | 中小学教育工作丛书 | |
| 单 册: | ||
| 中图分类: | G630 , G41 | |
| 科图分类: | ||
| 主题词: | 中学-教育理论 , 教育理论-中学 , 思想政治教育--学校教育 , 德育--学校教育 | |
| 电子资源: | ||
| ISBN: | ||
| 000 | 00745oam2 2200289 450 | |
| 001 | 1561529478 | |
| 005 | 20150123165843.96 | |
| 010 | @dCNY0.24 | |
| 091 | @a7150.2397 | |
| 100 | @a19950608d1980 em y0chiy0110 ea | |
| 101 | 0 | @achi |
| 102 | @aCN@b310000 | |
| 105 | @ay z 000yy | |
| 200 | 1 | @a教海拾贝@9jiao hai shi bei@f丁家桐著 |
| 210 | @a上海@c上海教育出版社@d1980 | |
| 215 | @a98页@d19cm | |
| 225 | 2 | @a中小学教育工作丛书 |
| 461 | 0 | @12001 @a中小学教育工作丛书 |
| 606 | 0 | @a中学-教育理论 |
| 606 | 0 | @a教育理论-中学 |
| 606 | 0 | @a思想政治教育--学校教育 |
| 606 | 0 | @a德育--学校教育 |
| 690 | @aG630@v5 | |
| 690 | @aG41@v4 | |
| 701 | 0 | @a丁家桐@9ding jia tong@4著 |
| 801 | 0 | @aCN@bTSSF@c20150123 |
| 905 | @aZUCC@dG41@eJY15 | |
| 教海拾贝/丁家桐著.-上海:上海教育出版社,1980 |
| 98页;19cm.-(中小学教育工作丛书) |
| ISBN :CNY0.24 |
| ● |
| 相关链接 |
|
|
|
|
正题名:教海拾贝
索取号:G41/JY15
 
预约/预借
| 序号 | 登录号 | 条形码 | 馆藏地/架位号 | 状态 | 备注 |
| 1 | 7840164 | 278401640 | 学院路分馆/ [索取号:G41/JY15] | 在馆 |